Market Participation Intensity Effect on Productivity of Smallholder Cowpea Farmers: Evidence from the Northern Region of Ghana

Fenomén nízkej produktivity Vigny čínskej v Ghane a snaha o jej vyriešenie. Faktory, ktoré ovplyvňujú produktivitu vigny čínskej medzi drobnými poľnohospodármi. Odporúčania a politiky zamerané na zintenzívnenie poľnohodárskych aktivít na trhu.

Saved in:
Bibliographic Details
Main Author: Kondo, Ebenezer
Format: Book Chapter
Language:English
Subjects:
Tags: Add Tag
No Tags, Be the first to tag this record!

MARC

LEADER 00000naa a2200000 4500
001 0254265
005 20221104112303.1
041 0 |a eng 
044 |a SK 
245 1 0 |a Market Participation Intensity Effect on Productivity of Smallholder Cowpea Farmers: Evidence from the Northern Region of Ghana  |c Ebenezer Kondo 
520 |a Fenomén nízkej produktivity Vigny čínskej v Ghane a snaha o jej vyriešenie. Faktory, ktoré ovplyvňujú produktivitu vigny čínskej medzi drobnými poľnohospodármi. Odporúčania a politiky zamerané na zintenzívnenie poľnohodárskych aktivít na trhu. 
610 2 0 |a Ghana 
610 2 0 |a rastliny priemyselné 
610 2 0 |a agropodnikanie 
610 2 0 |a agrokomplex 
610 2 0 |a farmy 
610 2 0 |a produktivita 
100 1 |a Kondo, Ebenezer